[Event "Vale Paraibano-ch"]
[Site "Taubate"]
[Date "2019.05.05"]
[Round "5"]
[White "Mendes Andre, Filipe Daves"]
[Black "Joia, Rafael Sousa"]
[Result "1/2-1/2"]
[WhiteElo "1821"]
[BlackElo "1800"]
[PlyCount "190"]
[EventDate "2019.05.04"]
[EventType "swiss"]
[EventRounds "5"]
[EventCountry "BRA"]
[SourceTitle "CBM 190 Extra"]
[Source "ChessBase"]
[SourceDate "2019.07.15"]
[SourceVersion "1"]
[SourceVersionDate "2019.07.15"]
[SourceQuality "1"]

1. d4 d5 2. Bf4 c6 3. e3 Bf5 4. Nf3 Nd7 5. Nbd2 e6 6. Be2 Ngf6 7. c3 Be7 8. Qb3 Qb6 9. Ne5 Nxe5 10. Bxe5 0-0 11. Bxf6 Bxf6 12. 0-0 e5 13. Rfe1 Rfe8 14. Nf3 exd4 15. exd4 h6 16. h3 Rac8 17. Rad1 Red8 18. Qxb6 axb6 19. b4 c5 20. bxc5 bxc5 21. Rd2 Be4 22. Rb2 Bxf3 23. Bxf3 cxd4 24. cxd4 Bxd4 25. Rxb7 Rc2 26. Rd1 Be5 27. g3 Rxa2 28. Rxd5 Rxd5 29. Bxd5 Rd2 30. Be4 g6 31. Rb1 Re2 32. Bf3 Rc2 33. Rf1 Kg7 34. Bd5 Rc5 35. Be4 f5 36. Bd5 Kf6 37. Kg2 g5 38. f4 gxf4 39. gxf4 Bd6 40. Rf3 Rc2+ 41. Kg3 Kg6 42. Re3 Bc7 43. Re6+ Kg7 44. Rc6 Rxc6 45. Bxc6 Kg6 46. Be8+ Kg7 47. Bh5 Bd8 48. h4 Kh7 49. Be8 Kg7 50. h5 Kf8 51. Bg6 Kg7 52. Bxf5 Kf6 53. Kg4 Kf7 54. Bc8 Kf8 55. Kf5 Kg7 56. Ke6 Bc7 57. f5 Bd8 58. Bb7 Kf8 59. f6 Bxf6 60. Kxf6 Kg8 61. Kg6 Kf8 62. Kxh6 Kg8 63. Be4 Kh8 64. Kg6 Kg8 65. Kf6 Kh8 66. h6 Kg8 67. h7+ Kh8 68. Kg5 Kg7 69. Kh5 Kh8 70. Kg5 Kg7 71. Kf4 Kh8 72. Ke5 Kg7 73. Kd6 Kh8 74. Ke7 Kg7 75. Bb1 Kh8 76. Bg6 Kg7 77. Bf5 Kh8 78. Ke8 Kg7 79. Bc2 Kh8 80. Ke7 Kg7 81. Ke6 Kh8 82. Bg6 Kg7 83. Kf5 Kh8 84. Kg5 Kg7 85. Kh5 Kh8 86. Bb1 Kg7 87. Kg5 Kh8 88. Bg6 Kg7 89. Kf4 Kh8 90. Ke5 Kg7 91. Kf5 Kh8 92. Kg5 Kg7 93. Kh5 Kh8 94. Bc2 Kg7 95. Kg5 Kh8 1/2-1/2